Stolice Ameryki Północnej - Statystyki

Ogólne statystyki
  • Ten quiz został rozwiązany 56 razy
  • Średni wynik to 13 z 22
Statystyki odpowiedzi
Państwo Stolica % Poprawnych
Kuba Hawana
92%
Meksyk Meksyk
92%
Stany Zjednoczone Waszyngton
92%
Kanada Ottawa
88%
Panama Panama
83%
Jamajka Kingston
75%
Gwatemala Gwatemala
71%
Salwador San Salvador
67%
Dominikana Santo Domingo
63%
Honduras Tegucigalpa
58%
Belize Belmopan
54%
Haiti Port-au-Prince
54%
Kostaryka San Jose
54%
Barbados Bridgetown
50%
Nikaragua Managua
50%
Saint Lucia Castries
46%
Bahamy Nassau
46%
Saint Vincent iGrenadyny Kingstown
42%
Dominika Roseau
42%
Grenada Saint George's
42%
Antigua iBarbuda Saint John's
38%
Saint Kitts iNevis Basseterre
33%
Nie znaleziono quizów pasujących do podanych kryteriów
Rozkład punktacji
Procent ludzi z każdym wynikiem
Percentyl według liczby udzielonych odpowiedzi
Twoja historia wyników
Nie rozwiązałeś tego quizu